[Event "Washington Open Championship"]
[Site "SeaTac City, WA"]
[Date "2012.05.27"]
[Round "1"]
[White "Bragg David  (WA)"]
[Black "Mathews Dan  (WA)"]
[Result "1-0"]
[WhiteElo "2200"]
[BlackElo "1794"]
[Annotator ""]
[Source ""]
[Remark "Open"]

1.d4 d5 2.Nc3 e6 3.e4 dxe4 4.Nxe4 Nf6 5.Bd3 Nxe4 6.Bxe4 c6 7.Nf3
Be7 8.O-O f5 9.Bd3 Bf6 10.Re1 O-O 11.Bf4 Bxd4 12.Nxd4 Qxd4 13.Be5
Qg4 14.Qxg4 fxg4 15.Be2 h5 16.h3 Nd7 17.Bd6 Re8 18.hxg4 hxg4
19.Bxg4 Nf6 20.Bf3 Bd7 21.Rad1 Bc8 22.g4 e5 23.g5 Bg4 24.Bxg4
Nxg4 25.f3 1-0

[Event "Washington Open Championship"]
[Site "SeaTac City, WA"]
[Date "2012.05.27"]
[Round "1"]
[White "Dias David  (WA)"]
[Black "Jung Trevor  (WA)"]
[Result "0-1"]
[WhiteElo "1318"]
[BlackElo "1018"]
[Annotator ""]
[Source ""]
[Remark "Booster"]

1.e4 e5 2.Nf3 Nc6 3.Nc3 Nf6 4.Bb5 Bb4 5.Bxc6 dxc6 6.O-O Bd6 7.d3
Bg4 8.h3 Bh5 9.Bg5 Qd7 10.Bxf6 gxf6 11.Qe2 Rg8 12.Qe3 Qxh3 13.g3
Bc5 14.Qe2 Rxg3# 0-1

[Event "Washington Open Championship"]
[Site "SeaTac City, WA"]
[Date "2012.05.26"]
[Round "1"]
[White "He Daniel  (WA)"]
[Black "Sinanan Joshua  (WA)"]
[Result "0-1"]
[WhiteElo "1950"]
[BlackElo "2288"]
[Annotator ""]
[Source ""]
[Remark "Open"]

1.e4 c5 2.Nf3 e6 3.d3 d5 4.Nbd2 Nc6 5.g3 Bd6 6.Bg2 Nge7 7.O-O
O-O 8.a4 Bc7 9.c3 d4 10.Qe2 e5 11.c4 Ng6 12.Nb3 Bd6 13.Ng5 Be7
14.Qh5 Bxg5 15.Bxg5 Qb6 16.Ra3 Nb4 17.Qe2 a5 18.h4 h6 19.Bc1
Re8 20.h5 Nf8 21.f4 exf4 22.gxf4 f5 23.Nd2 Qf6 24.e5 Qf7 25.Nb3
Qc7 26.Bd2 Bd7 27.Be1 Bc6 28.Bh3 Bd7 29.Bh4 b6 30.Nc1 Be6 31.Kh2
Qf7 32.Rg1 Kh7 33.Ra1 Bd7 34.b3 Ne6 35.Bg3 Bc6 36.Na2 Rf8 37.Bg2
Bxg2 38.Rxg2 Qb7 39.Rag1 Rg8 40.Nc1 Raf8 41.Qf2 g6 42.hxg6+ Rxg6
43.Bh4 Rfg8 44.Rxg6 Rxg6 45.Rxg6 Kxg6 46.Bf6 Kh7 47.Qe2 Qf7 48.Qf3
Nc2 49.Ne2 Ne3 50.Bh4 Nf8 51.Bg3 Kg8 52.Kg1 Qg6 53.Kf2 Qg4 54.Qxg4+
{?} ( 54.Qh1 {%02=/$15} ) fxg4 55.Bh4 Ne6 56.Bf6 Kf7 57.Kg3 h5
58.Kh4 Kg6 59.Kg3 Nf5+ 60.Kg2 h4 61.Kh2 Kh5 62.Kg2 0-1

[Event "Washington Open Championship"]
[Site "SeaTac City, WA"]
[Date "2012.05.26"]
[Round "2"]
[White "Iodice Art  (WA)"]
[Black "He Daniel  (WA)"]
[Result "0-1"]
[WhiteElo "1822"]
[BlackElo "1950"]
[Annotator ""]
[Source ""]
[Remark "Open"]

1.e4 c5 2.Nf3 Nc6 3.d4 cxd4 4.Nxd4 g6 5.Nc3 Bg7 6.Be3 Nf6 7.f3
O-O 8.Qd2 d6 9.O-O-O Bd7 10.g4 Qa5 11.Kb1 Rfc8 12.h4 Ne5 13.h5
Nc4 14.Bxc4 Rxc4 15.hxg6 fxg6 16.Nb3 Qe5 17.Bd4 Qe6
( 17...Qe6 18.g5 Nh5 19.Bxg7 Nxg7 20.e5 Bc6 21.Qh2 Qxe5 22.Qxh7+
Kf7 23.Rde1 Qxg5 24.Ne4 Qf5 25.Rhg1 Qh5 26.Nxd6+ exd6 27.Re7+
Kxe7 28.Qxg7+ Kd8 29.Qg8+ Kc7 30.Qf7+ Kb6 31.Qxc4 Rd8 32.Qd4+
Kc7 33.Qg7+ Rd7 34.Qxg6 Qxg6 35.Rxg6 Bxf3 36.Nd4 Bc6 37.b3 Rh7
38.Kb2 Be4 39.Rf6 a6 40.Re6 d5 41.a4 b6 42.a5 bxa5 43.Rxa6 Kb7
44.Rxa5 Kb6 45.Rb5+ Ka6 46.Rb8 Rc7 47.b4 Ka7 48.Rb5 Ka6 49.Rb8
Ka7 50.Rh8 Rc4 51.c3 Kb7 52.Rh6 Rc7 53.Ne6 Re7 54.Nc5+ Kc7 55.b5
Rh7 56.b6+ {1-0, Boer Levente (HUN) 2191 - Kukel Imre (SVK) 2029, Budapest (Hungary) 2000}
) 18.g5 Nh5 19.Bxg7 Nxg7 20.Rh2 Qf7 21.Rdh1 Nh5 22.Nd5 Rac8 23.Qd3
Ra4 24.Nd4 Rcc4 25.c3 Rc5 26.b3 Ra6 27.b4 Rc8 28.Kb2 Nf4 29.Nxf4
Rxa2+ 30.Kb1 Rxh2 31.Rxh2 Qxf4 32.Rg2 Qf7 33.Kb2 a6 34.Rg1 e5
35.Nc2 Ba4 36.Qd5 Qxd5 37.exd5 Bxc2 38.Kxc2 Rf8 39.Rg3 Rf4 40.Kb3
b5 41.Rh3 Kg7 42.Kc2 Rf5 43.Kb3 Rxg5 0-1

[Event "Washington Open Championship"]
[Site "SeaTac City, WA"]
[Date "2012.05.27"]
[Round "3"]
[White "Hosford Michael (WA)"]
[Black "He Samuel  (WA)"]
[Result "0-1"]
[WhiteElo "1840"]
[BlackElo "1917"]
[Annotator ""]
[Source ""]
[Remark "Premier"]

1.e4 g6 2.d4 Bg7 3.Nc3 c5 4.Be3 Qa5 5.Nge2 Nf6 6.f3 cxd4 7.Nxd4
Nc6 8.Nb3 Qd8 9.Qd2 d6 10.O-O-O Be6 11.Nd5 Bxd5 12.exd5
( 12.exd5 Ne5 13.Bh6 O-O 14.Bxg7 Kxg7 15.f4 Ned7 16.g4 Nb6 17.Qg2
Qd7 18.Be2 Qa4 19.Kb1 Qxf4 20.h4 Qe5 21.Rhe1 Na4 22.Rd4 Nc5 23.Rdd1
Nxb3 24.axb3 Qf4 25.Bf3 Rfe8 26.g5 Nh5 27.Bxh5 gxh5 28.Re4 Qf5
29.Qe2 Rac8 30.Rd2 Rc5 31.Red4 e5 32.dxe6 Rxe6 33.Qd1 Rc6 34.Rxd6
Rcxd6 35.Rxd6 Qg4 36.Qd4+ Qxd4 37.Rxd4 h6 38.gxh6+ Rxh6 39.Rd5
Rh8 40.Kc1 Kf6 41.Kd2 Ke6 42.c4 f5 43.Rc5 Rh7 44.Rc8 Ke5 45.Ke3
Re7 46.Rh8 Kf6+ 47.Kf3 Kg6 48.Rg8+ Rg7 49.Rh8 Re7 50.Rg8+ Rg7
51.Rd8 Kf6 52.Rd6+ Ke5 53.Rh6 Rd7 54.Ke2 Ke4 55.Rxh5 f4 56.Rh6
f3+ 57.Ke1 Kf4 58.Rf6+ Kg3 59.h5 Re7+ 60.Kf1 Rd7 61.Rg6+ {1/2-1/2, Triplett T - Bemben R, Detroit (USA) 1994}
) Ne5 13.Bb5+ Nfd7 14.Bd4 O-O 15.Kb1 a6 16.Be2 Rc8 17.h4 h6 18.f4
Nc4 19.Bxc4 Rxc4 20.Bxg7 Kxg7 21.g4 Nf6 22.g5 hxg5 23.hxg5 Ne4
24.Qd3 b5 25.Rh2 {?} ( 25.Rh7+ Kxh7 26.Qh3+ Kg7 27.Qh6+ Kg8 28.Rh1
Nd2+ 29.Nxd2 f6 30.Qh7# ) Rh8 26.Rdh1 Rxh2 27.Rxh2 Qc8 28.c3
{%02?  The pawn was fine just where it was.} ( 28.Qf3 $16 ) Qf5
29.Nd4 {??} Nxc3+ 0-1

[Event "Washington Open Championship"]
[Site "SeaTac City, WA"]
[Date "2012.05.27"]
[Round "3"]
[White "Perez Ignacio  (WA)"]
[Black "Xing Casey  (WA)"]
[Result "1/2-1/2"]
[WhiteElo "2273"]
[BlackElo "1784"]
[Annotator ""]
[Source ""]
[Remark "Open"]

1.e4 e6 2.d4 d5 3.Nc3 Bb4 4.e5 c5 5.a3 Bxc3+ 6.bxc3 Ne7 7.Nf3
Nbc6 8.Bd3 Qc7 9.O-O Bd7 10.a4 f6 11.Ba3 fxe5 ( 11...fxe5 12.dxe5
Na5 13.Re1 h6 14.Nd2 O-O-O 15.c4 b6 16.Qg4 g5 17.Bb2 Rdg8 18.cxd5
Nxd5 19.Ne4 h5 20.Qd1 c4 21.Nd6+ Kb8 22.Be4 Bc6 23.Qd4 Bb7 24.Ba3
Ka8 25.Rab1 g4 26.Rb5 h4 27.Rxa5 bxa5 28.Nb5 Qb6 29.Bc5 Qd8 30.Bd6
Qb6 31.Bxd5 Bxd5 32.Rb1 Rh7 33.Nc7+ Qxc7 34.Bxc7 Rxc7 35.Rb5
Rd7 36.Qc3 g3 37.hxg3 hxg3 38.fxg3 Rdg7 39.Rxd5 exd5 40.Qf3 Rxg3
41.Qxd5+ Kb8 42.e6 Rxg2+ 43.Qxg2 Rxg2+ 44.Kxg2 Kc7 45.Kf3 Kd6
46.Ke4 Kxe6 47.Kd4 Kd6 48.Kxc4 a6 49.Kd4 Kc6 50.Kc4 Kd6 51.Kd4
Kc6 52.Ke5 Kc5 53.Ke6 {1/2-1/2, Vroombout Enrico (NED) 2167 - De Jager Leo, Utrecht (Netherlands) 1999}
) 12.dxe5 b6 13.Re1 h6 14.c4 d4 15.c3 dxc3 16.Qc2 O-O 17.Qxc3
Nf5 18.Be4 Rad8 19.Rad1 Bc8 20.Rxd8 Rxd8 21.Bxf5 exf5 22.e6 Re8
23.Bb2 Rxe6 24.Rd1 Re7 25.h4 f4 26.a5 Bg4 27.axb6 axb6 28.Qa3
Na5 29.Qc3 Nc6 30.Qa3 Re2 31.Ba1 Re7 1/2-1/2

[Event "Washington Open Championship"]
[Site "SeaTac City, WA"]
[Date "2012.05.27"]
[Round "2"]
[White "Shakovets Sasha  (WA)"]
[Black "Oberly Calvin  (WA)"]
[Result "0-1"]
[WhiteElo "577"]
[BlackElo "1044"]
[Annotator ""]
[Source ""]
[Remark "Booster"]

1.d4 Nf6 2.Nc3 d5 3.g3 e6 4.Bg2 c5 5.Nf3 Nc6 6.dxc5 Bxc5 7.Bf4
O-O 8.O-O Re8 9.Bg5 h6 10.Be3 d4 11.Bxd4 Nxd4 12.Nxd4 Bxd4 13.e3
Bb6 {%02?!  (Bxc3 looks better)} 14.Qe2 Qd7 15.Rad1 Qc7 16.Nb5
Qe5 17.Nc3 Bd7 18.Rfe1 Rad8 19.Bxb7 Qc5 20.Ne4 Nxe4 21.Bxe4 Bc6
22.Rxd8 Rxd8 23.Bd3 Qd5 24.e4 Qxa2 25.b3 Qa5 26.Kf1 Qe5 27.Qf3
Bb5 28.Bxb5 Qxb5+ 29.c4 Qc5 30.Qe3 Qxe3 ( 30...Qh5 ) 31.fxe3
Rd3 32.b4 Rxe3 33.Rxe3 Bxe3 34.Ke2 Bb6 35.Kd3 f5 36.exf5 exf5
37.c5 Bc7 38.Kc4 f4 39.gxf4 Bxf4 40.h3 g5 41.c6 Bc7 42.Kd5 h5
43.Ke6 g4 44.hxg4 hxg4 45.Kd7 g3 46.Kxc7 g2 47.Kd7 g1Q 48.c7
Qd4+ 49.Kc6 Qf6+ 50.Kb7 Qe7 51.Kc6 Qe8+ 52.Kb7 Qd7 53.Kb8 Qb5+ 0-1

[Event "Washington Open Championship"]
[Site "SeaTac City, WA"]
[Date "2012.05.28"]
[Round "6"]
[White "Orlov Georgi (WA)"]
[Black "Sinanan Joshua  (WA)"]
[Result "1/2-1/2"]
[WhiteElo "2512"]
[BlackElo "2288"]
[Annotator ""]
[Source ""]
[Remark "Open"]

1.d4 Nf6 2.Nf3 e6 3.c4 b6 4.g3 Ba6 5.Qa4 Bb7 6.Bg2 c5 7.O-O cxd4
8.Nxd4 Bxg2 9.Kxg2 Qc7 10.Nc3 Qb7+ 11.f3 Nc6 12.Rd1 a6 13.Nxc6
dxc6 14.Bf4 b5 15.Qc2 Be7 1/2-1/2

[Event "Washington Open Championship"]
[Site "SeaTac City, WA"]
[Date "2012.05.28"]
[Round "6"]
[White "Rozenfeld Yevgeniy  (WA)"]
[Black "Bragg David  (WA)"]
[Result "0-1"]
[WhiteElo "2029"]
[BlackElo "2200"]
[Annotator ""]
[Source ""]
[Remark "Open"]

1.e4 e5 2.Nf3 Nc6 3.Bb5 a6 4.Ba4 Nf6 5.O-O Nxe4 6.d4 b5 7.Bb3
d5 8.dxe5 Be6 9.c3 Bc5 10.Nbd2 O-O 11.Qe2 Bf5 12.a4 b4 13.Nxe4
dxe4 14.Qc4 {??} Na5 15.Bg5 {?} Nxc4 16.Bxd8 exf3 17.Bg5 Nxe5
18.cxb4 Bxb4 19.Rfd1 Bd6 20.Bd5 Rab8 21.b3 Bc2 22.Re1 Bxb3 23.Bxf3
Nxf3+ 24.gxf3 Rfe8 25.Be3 Bd5 0-1

[Event "Washington Open Championship"]
[Site "SeaTac City, WA"]
[Date "2012.05.27"]
[Round "4"]
[White "Webb Delmar  (WA)"]
[Black "Jung Hubert  (WA)"]
[Result "0-1"]
[WhiteElo "1748"]
[BlackElo "1941"]
[Annotator ""]
[Source ""]
[Remark "Open"]

1.e4 d6 2.Nc3 Nf6 3.f4 g6 4.Nf3 Bg7 5.Be2 O-O 6.d3 c5 7.Be3 Nc6
8.Qd2 a6 9.a4 ( 9.h3 Nh5 10.O-O Ng3 11.Rfe1 Nxe2+ 12.Rxe2 b5
13.d4 b4 14.Na4 Qa5 15.b3 e5 16.dxe5 dxe5 17.Qd6 exf4 18.Bxc5
Rd8 19.Qxc6 Bd7 20.Qb6 Qxb6 21.Nxb6 Bxa1 22.Nxa8 Rxa8 23.Bxb4
Bc6 24.Bd6 Re8 25.e5 h6 26.Kf1 Re6 27.Ne1 Bc3 28.a4 Bxe1 29.Rxe1
f6 30.Kf2 fxe5 31.Bxe5 g5 32.g3 fxg3+ 33.Kxg3 Kh7 34.Re3 Ba8
35.h4 Kg6 36.hxg5 hxg5 37.Kf2 Bb7 38.c4 Bc8 39.Kf3 Kf5 40.Bb8
Bb7+ 41.Kf2 Rxe3 42.Kxe3 Ke6 43.Kd4 Kd7 44.Kc5 Kc8 45.Bh2 Bf3
46.Kb6 Bd1 47.b4 Be2 48.c5 Bd1 49.Kxa6 Bxa4 50.Kb6 Bd1 51.c6
Bf3 52.b5 Be2 53.Kc5 {1-0, Sotsky Alexander (RUS) 2305 - Shour Janna (RUS) 2165, St. Petersburg (Russia) 1997}
) b6 10.h3 d5 11.exd5 Nxd5 12.Nxd5 Qxd5 13.O-O Bb7 14.Ng5 Nd4
15.Bxd4 {??} Qxg2# 0-1

[Event "Washington Open Championship"]
[Site "SeaTac City, WA"]
[Date "2012.05.27"]
[Round "4"]
[White "Yu Justin  (WA)"]
[Black "Hosford Michael (WA)"]
[Result "1/2-1/2"]
[WhiteElo "1700"]
[BlackElo "1840"]
[Annotator ""]
[Source ""]
[Remark "Premier"]

1.e4 Nc6 2.Nf3 d6 3.d4 Nf6 4.Nc3 Bg4 5.Be2 e5 6.dxe5 dxe5 7.Qxd8+
Rxd8 8.Bg5 Bb4 ( 8...Bb4 9.Bb5 Rd6 10.Bxf6 gxf6 11.Rd1 Ke7 12.Bxc6
bxc6 13.Rd3 Rxd3 14.cxd3 Bxc3+ 15.bxc3 Rb8 16.Nd2 Rb2 17.f3 Rxa2
18.Ke2 Be6 19.Rb1 a5 20.c4 a4 21.Ke3 f5 22.exf5 Bxf5 23.g4 Bg6
24.h4 Ra3 25.Ne4 Bxe4 26.Kxe4 Rb3 27.Rd1 Ke6 28.f4 exf4 29.Kxf4
f6 30.g5 a3 31.gxf6 Kxf6 32.Ke4 a2 33.Ra1 Ra3 34.Kd4 h5 35.Kc5
Ra6 36.Kd4 Kf5 {0-1, Rezonja Stefan (SLO) 2069 - Mestrovic Zvonimir (SLO) 2455, Radenci (Slovenia) 1998}
) 9.Bxf6 gxf6 10.O-O Bxc3 11.bxc3 Ke7 12.Rfe1 Bxf3 13.Bxf3 Rd2
14.Rac1 Rhd8 15.Red1 Na5 16.Kf1 Nc4 17.Ke1 Rxd1+ 18.Rxd1 Rxd1+
19.Kxd1 Kd6 20.Bh5 Ke7 21.Be2 Nd6 22.Bd3 f5 23.exf5 e4 24.Be2
Nxf5 25.Kd2 Nd6 26.Ke3 f5 27.Kf4 1/2-1/2

[Event "Washington Open Championship"]
[Site "SeaTac City, WA"]
[Date "2012.05.27"]
[Round "4"]
[White "Thakur Asher  (WA)"]
[Black "Jacobson Laura  (WA)"]
[Result "1-0"]
[WhiteElo "969"]
[BlackElo "889"]
[Annotator ""]
[Source ""]
[Remark "Booster"]

1.e4 e5 2.Nf3 Nc6 3.d4 exd4 4.Nxd4 Nxd4 5.Qxd4 Nf6 6.Bc4 b6 7.O-O
Bb7 8.Nc3 c5 9.Qd3 Be7 10.f4 O-O 11.e5 Nh5 12.Bd5 Ba6 {?} 13.Qxa6
Rc8 14.f5 Bh4 15.Rd1 Qc7 16.Qe2 Ng3 17.hxg3 Bxg3 18.Bh6 Bxe5
19.Qg4 c4 20.Rf1 Qc5+ 21.Kh1 Kh8 22.Bf4 Bxc3 23.bxc3 Qxd5 24.Rad1
Qc6 25.Rf3 f6 26.Rh3 h6 27.Bxh6 Rf7 28.Bxg7+ Kg8 29.Rh8# 1-0

[Event "Washington Open Championship"]
[Site "SeaTac City, WA"]
[Date "2012.05.27"]
[Round "4"]
[White "He Daniel  (WA)"]
[Black "Perez Ignacio  (WA)"]
[Result "0-1"]
[WhiteElo "1950"]
[BlackElo "2273"]
[Annotator ""]
[Source ""]
[Remark "Open"]

1.e4 d6 2.d4 g6 3.Nc3 Bg7 4.Be3 Nf6 5.f3 O-O 6.Qd2 Re8 7.O-O-O
Nc6 8.Nge2 b5 9.Nxb5 Rb8 10.Nec3 Ba6 11.Nxa7 Nxa7 12.Bxa6 c5
13.dxc5 Qa5 14.Bc4 Nxe4 15.fxe4 Rxb2 16.Bd4 ( 16.Rdf1 {+-} )
Reb8 17.Bb3 {?} R8xb3 18.Bxg7 Qxa2 19.Qd3 Qa3 20.Bd4 {??} Rxc2+
21.Kxc2 Qb2# 0-1

[Event "Washington Open Championship"]
[Site "SeaTac City, WA"]
[Date "2012.05.27"]
[Round "4"]
[White "Mathews Dan  (WA)"]
[Black "Pupols Viktors  (WA)"]
[Result "0-1"]
[WhiteElo "1794"]
[BlackElo "2235"]
[Annotator ""]
[Source ""]
[Remark "Open"]

1.e4 d6 2.d4 Nf6 3.e5 dxe5 4.dxe5 Qxd1+ 5.Kxd1 Ng4 6.Ke1 Nxe5
7.Bf4 Nbd7 8.Nc3 c6 9.Bg3 e6 10.f4 Ng6 11.Bd3 Bb4 12.Nge2 Nc5
13.Rd1 Nxd3+ 14.Rxd3 O-O 15.Kd1 b6 16.Kc1 c5 17.Be1 Bb7 18.Rg3
c4 19.Bd2 Rfd8 20.Rf1 Ne7 21.Ng1 Nf5 22.Rg5 f6 23.Rg4 h5 24.Rg6
Kf7 0-1

[Event "Washington Open Championship"]
[Site "SeaTac City, WA"]
[Date "2012.05.27"]
[Round "2"]
[White "Singh Ranjeet  (WA)"]
[Black "Padhi Pratik  (WA)"]
[Result "1-0"]
[WhiteElo "1534"]
[BlackElo "1176"]
[Annotator ""]
[Source ""]
[Remark "Premier"]

1.e4 e6 2.d4 d5 3.exd5 exd5 4.Bd3 Nf6 5.Nf3 Bd6 6.h3 O-O 7.O-O
c6 8.Re1 Qc7 9.Nbd2 ( 9.Bg5 Nbd7 10.Qd2 Nh5 11.c4 f6 12.Be3 f5
13.Qc2 Ndf6 14.Bxf5 Bxf5 15.Qxf5 Rae8 16.Qd3 Ne4 17.Nc3 Qf7 18.cxd5
cxd5 19.Re2 Qg6 20.Nxe4 dxe4 21.Qb3+ Kh8 22.Ne5 Bxe5 23.dxe5
b6 24.Qa3 Rf3 25.Qd6 Re6 26.Qd8+ Re8 27.Qh4 Rxe5 28.Rd1 Re8 29.Rd5
Rf5 30.Rxf5 Qxf5 31.g4 Qf3 32.Qxh5 g6 33.Qb5 {1-0, Redondo Mariano (ARG) 2204 - Zalisnak Jacobo 1970, Argentina 1994}
) Nbd7 10.Nf1 ( 10.Nf1 Re8 11.Rxe8+ Nxe8 12.c3 Nf8 13.Qe2 Be6
14.Bg5 Ng6 15.Re1 Qa5 16.Bb1 Nc7 17.Qc2 f6 18.Bh4 Kf7 19.Ne3
Re8 20.Bg3 Bxg3 21.fxg3 Nb5 22.Rf1 Kg8 23.Nf5 Qc7 24.N3h4 Nf8
25.Qd3 Nd6 26.Nxd6 Qxd6 27.g4 Bd7 28.g3 Re6 29.Nf5 Qb8 30.h4
Qe8 31.Rf2 g6 32.Nh6+ Kg7 33.g5 Re3 34.gxf6+ Kxh6 35.Qd2 Bg4
36.Bd3 Kh5 37.Kh2 g5 {0-1, Siviero Giuseppe - Bellia Fabrizio (ITA) 2390, Italy 1985}
) b6 11.Ne3 Bb7 12.Nf5 c5 13.Nxd6 Qxd6 14.c3 Rfe8 15.Be3 Rac8
16.Qd2 Ne4 17.Qc1 Ndf6 18.Bf4 Qc6 19.Ne5 Qa4 20.f3 Nd6 21.b3
Qa5 22.Qb2 Red8 23.Bg5 Rc7 {?} 24.Bxf6 gxf6 25.Ng4 Kg7 26.Qd2
Nf5 27.Bxf5 {%02  (27 ...Ba8 28.Qh6+ Kg8 29. Nxf6+ Kh8 30. Qxh7#)} 1-0

[Event "Washington Open Championship"]
[Site "SeaTac City, WA"]
[Date "2012.05.28"]
[Round "6"]
[White "Jacobson Laura  (WA)"]
[Black "Kramer Mara  (WA)"]
[Result "1-0"]
[WhiteElo "889"]
[BlackElo "898"]
[Annotator ""]
[Source ""]
[Remark "Booster"]

1.d4 Nf6 2.c4 d5 3.Nc3 dxc4 4.e4 Nc6 5.Nf3 Bg4 6.d5 Ne5 7.Be2
Nxf3+ 8.Bxf3 Bxf3 9.Qxf3 e6 10.dxe6 ( 10.Qd1 Bb4 11.Qa4+ c6 12.Qxb4
cxd5 13.Bg5 b6 14.Qb5+ Qd7 15.Qxd7+ Kxd7 16.Bxf6 gxf6 17.exd5
Rhg8 18.g3 Rac8 19.Ne4 Rg6 20.dxe6+ fxe6 21.Rd1+ Ke7 22.Rc1 f5
23.Nd2 b5 24.f3 Kd6 25.Ke2 Kd5 26.Rc3 b4 27.Rc2 c3 28.bxc3 bxc3
29.Kd3 e5 30.Rxc3 Rxc3+ 31.Kxc3 e4 32.Re1 Ra6 33.fxe4+ fxe4 34.Kb2
Rh6 35.Re2 Rb6+ 36.Nb3 a5 37.Ka3 Re6 38.Nxa5 Kd4 39.Nb3+ Kd3
40.Rd2+ Ke3 41.Kb2 Rc6 42.a4 Rc4 43.a5 Ra4 44.Kc3 Kf3 45.Nd4+
Kg4 46.Re2 Rxa5 47.Rxe4+ Kh3 48.Rh4+ Kg2 49.Kd2 h5 50.Ne2 Rd5+
51.Ke3 Re5+ 52.Re4 Rxe4+ 53.Kxe4 Kxh2 54.Kf4 Kg2 55.Kg5 Kf2 56.Kxh5
Kxe2 57.g4 {1-0, Perez Eduardo 2200 - De Los Santos Daniel, Madrid (Spain) 1999}
) fxe6 11.Bg5 h6 12.Bh4 Qe7 13.Rd1 {?} ( 13.e5 ) g5 14.e5 Nd7
15.Qh5+ Kd8 16.Bg3 Qg7 17.O-O Rg8 18.Rd4 Qg6 19.Qd1 Qf7 20.Ne4
Kc8 21.Nf6 Bc5 22.Rxd7 1-0

[Event "Washington Open Championship"]
[Site "SeaTac City, WA"]
[Date "2012.05.26"]
[Round "1"]
[White "Bartron Paul (WA)"]
[Black "Smith Andrew  (WA)"]
[Result "1-0"]
[WhiteElo "2096"]
[BlackElo "988"]
[Annotator ""]
[Source ""]
[Remark "Open"]

1.e4 Nc6 2.Nf3 e5 3.Bb5 a6 4.Ba4 Nf6 5.O-O b5 6.Bb3 Be7 7.d4
Nxe4 8.Nxe5 Nxe5 9.dxe5 O-O 10.Bd5 Nxf2 11.Qd4 Nh3+ 12.gxh3 Rb8
13.Qf2 Qe8 14.Bf4 Rb6 15.Nc3 Kh8 16.Kh1 d6 17.exd6 Bxd6 18.Rae1
Qd7 19.Bg2 Bxf4 20.Qxf4 Rf6 21.Qe4 Rxf1+ 22.Bxf1 c5 23.Bg2 Rd8
24.Qe7 g6 25.Qxd7 Bxd7 26.Rd1 Re8 27.Bb7 Bxh3 28.Bxa6 b4 29.Ne2
Bg4 30.Rd2 Bxe2 31.Rxe2 Rxe2 32.Bxe2 Kg7 33.a4 bxa3 34.bxa3 1-0

[Event "Washington Open Championship"]
[Site "SeaTac City, WA"]
[Date "2012.05.26"]
[Round "1"]
[White "Ruddell Craig  (WA)"]
[Black "Jiang Peiqi  (WA)"]
[Result "0-1"]
[WhiteElo "1570"]
[BlackElo "1392"]
[Annotator ""]
[Source ""]
[Remark "Reserve"]

1.d4 Nf6 2.Nf3 d5 3.Bf4 Bf5 4.e3 e6 5.Bd3 Bg6 6.c3 Bd6 7.Bxd6
cxd6 8.Bxg6 hxg6 9.Nbd2 Nc6 10.Qb3 Qe7 11.c4 O-O 12.O-O Rac8
13.Rac1 a6 14.c5 dxc5 15.Rxc5 e5 16.Rfc1 exd4 17.Nxd4 Nxd4 18.exd4
Rxc5 19.dxc5 Rc8 20.Qc3 Qe2 21.Qd4 Re8 22.h3 Qe5 23.Qxe5 Rxe5
24.Kf1 Ne4 25.Nxe4 dxe4 26.Ke2 Kf8 27.h4 f5 28.c6 bxc6 29.Rxc6
Rb5 30.a3 a5 31.b4 a4 32.Rc5 Rxc5 33.bxc5 Ke7 34.Ke3 Kd7 35.Kf4
Kc6 36.Kg5 Kxc5 37.Kxg6 f4 38.Kf5 e3 0-1

[Event "Washington Open Championship"]
[Site "SeaTac City, WA"]
[Date "2012.05.26"]
[Round "1"]
[White "Haining Kyle  (WA)"]
[Black "Wang Michael  (WA)"]
[Result "0-1"]
[WhiteElo "1919"]
[BlackElo "2128"]
[Annotator ""]
[Source ""]
[Remark "Open"]

1.e4 c5 2.Nf3 d6 3.d4 cxd4 4.Nxd4 Nf6 5.Nc3 a6 6.f3 e5 7.Nb3
Be6 8.Bg5 Be7 9.Qd2 Nbd7 10.Rd1 Rc8 11.Be2 O-O 12.O-O d5 13.Bxf6
Nxf6 14.Nxd5 Nxd5 15.exd5 Bg5 16.Qd3 Qb6+ 17.Kh1 Bd7 18.c4 Qh6
19.g3 f5 20.Rfe1 e4 21.Qc2 f4 22.g4 Qh3 23.Qxe4 Rce8 24.Bf1 Qh4
25.Qb1 Re3 26.Nd4 Rfe8 27.Rxe3 fxe3 28.Qc2 Bf4 29.Qg2 Be5 30.b3
Rf8 $14 31.Ne2 {??} ( 31.Be2 ) Rxf3 32.h3 Rf2 33.Qg1 Bxg4 34.d6
Bf3+ 0-1

[Event "Washington Open Championship"]
[Site "SeaTac City, WA"]
[Date "2012.05.28"]
[Round "5"]
[White "Shakovets Sasha  (WA)"]
[Black "Hare Howard  (WA)"]
[Result "0-1"]
[WhiteElo "577"]
[BlackElo "1327"]
[Annotator ""]
[Source ""]
[Remark "Booster"]

1.d4 d5 2.c4 e6 3.Nc3 Nf6 4.Bg5 Be7 5.Nf3 c5 6.e3 O-O 7.Bd3 Nc6
8.Ne5 cxd4 9.exd4 dxc4 10.Nxc4 Nxd4 11.Ne5 h6 12.Be3 Bc5 13.g4
Re8 14.Nf3 Nxf3+ 15.Qxf3 Bxe3 16.fxe3 Qxd3 17.Qe2 0-1

[Event "Washington Open Championship"]
[Site "SeaTac City, WA"]
[Date "2012.05.26"]
[Round "1"]
[White "Haining Breck  (WA)"]
[Black "Thakur Asher  (WA)"]
[Result "1-0"]
[WhiteElo "1114"]
[BlackElo "969"]
[Annotator ""]
[Source ""]
[Remark "Booster"]

1.e4 e5 2.Nf3 Nf6 3.d3 Nc6 4.Nc3 Bb4 5.Bd2 d6 6.h3 Be6 7.a3 Bc5
8.Na4 Bd4 9.c3 Bb6 10.Nxb6 axb6 11.Be2 O-O 12.O-O Qd7 13.Ng5
d5 14.Nxe6 fxe6 15.Qc2 Rad8 16.Be3 d4 17.Bg5 h6 18.Bh4 g5 19.Bg3
Nxe4 20.dxe4 d3 21.Qd2 dxe2 22.Qxe2 Qf7 23.h4 Qg6 24.Rad1 Rf7
25.Rxd8+ Nxd8 26.Bxe5 gxh4 27.Qd3 Nc6 28.Bd4 e5 29.Be3 Rg7 30.g3
hxg3 31.f3 {?} Qh5 32.Re1 g2 {?} ( 32...Qh2+ 33.Kf1 g2+ 34.Ke2
g1Q+ 35.Kd1 Qgg2 ) 33.Kf2 Qh1 34.Rg1 h5 35.Qd1 Qh2 36.b4 h4 37.Ke2
h3 38.Bf2 Qf4 39.Be3 Qf6 40.b5 h2 41.bxc6 bxc6 42.Re1 Qg6 43.Qd8+
Kh7 {??} ( 43...Kf7 44.Qxc7+ Kf8 45.Qd8+ Qe8 $19 ) 44.Qh4+ Kg8
45.Qxh2 Rh7 46.Qxe5 Rh1 47.Bg1 Qf7 48.Qg3+ Qg7 49.Qxg7+ Kxg7
50.Kf2 Rh6 51.Kxg2 Kf6 52.Bh2 Rh7 53.Rd1 Ke6 54.f4 c5 55.c4 c6
56.Bg3 Rg7 57.Kf3 Rd7 58.Rxd7 Kxd7 59.Bf2 Ke6 60.f5+ Ke5 61.Be3
b5 62.cxb5 cxb5 63.Bxc5 Kf6 64.Kf4 Kf7 65.e5 b4 66.axb4 Ke8 67.e6
Kd8 68.Ke5 Ke8 69.f6 Kd8 70.f7 Kc7 71.e7 Kd7 72.e8Q+ Kc7 73.Kd5
Kb7 74.Qc6+ Kb8 75.f8Q# 1-0

[Event "Washington Open Championship"]
[Site "SeaTac City, WA"]
[Date "2012.05.26"]
[Round "2"]
[White "Buzek Pavel  (WA)"]
[Black "Haining Breck  (WA)"]
[Result "1/2-1/2"]
[WhiteElo "1125"]
[BlackElo "1114"]
[Annotator ""]
[Source ""]
[Remark "Booster"]

1.e4 g6 2.Nc3 Bg7 3.d3 d6 4.f4 Nc6 5.Bd2 Nf6 6.Nf3 a6 7.g3 e5
8.Qe2 Bg4 9.Qf2 Bxf3 10.Qxf3 Nd4 11.Qd1 Qd7 12.h4 Qg4 13.Qxg4
Nxg4 14.Rc1 Nf3+ 15.Ke2 Nxd2 16.Kxd2 exf4 17.Nd5 O-O-O 18.gxf4
Rhe8 19.c3 Kb8 20.h5 f5 21.Be2 Nf6 22.Nxf6 Bxf6 23.exf5 g5 24.Rcf1
h6 25.fxg5 Bxg5+ 26.Kd1 Re3 27.Rf3 Rf8 28.Rhf1 Rf6 29.Rxe3 Bxe3
30.d4 c6 31.Kc2 Kc7 32.Kd3 Bg5 33.c4 b6 34.Ke4 Rf8 35.b4 {?}
Re8+ 36.Kd3 Re3+ 37.Kd2 Ra3+ 38.Kd1 Bf6 39.Rg1 Rxa2 40.Rg6 Ra1+
41.Kd2 Bg5+ 42.Kd3 Ra3+ 43.Kc2 Ra2+ 44.Kd3 Ra3+ 45.Kc2 1/2-1/2

[Event "Washington Open Championship"]
[Site "SeaTac City, WA"]
[Date "2012.05.26"]
[Round "2"]
[White "Torkelson Alan  (WA)"]
[Black "Shook Stephan  (WA)"]
[Result "0-1"]
[WhiteElo "1400"]
[BlackElo "1521"]
[Annotator ""]
[Source ""]
[Remark "Reserve"]

1.Nf3 d5 2.d4 Nf6 3.Bf4 c6 4.c3 g6 5.e3 Bg7 6.Bd3 O-O 7.Nbd2
h6 8.h3 Nbd7 9.O-O Re8 10.Qc2 ( 10.e4 dxe4 11.Nxe4 Nxe4 12.Bxe4
Nf6 13.Bc2 Be6 14.Qd2 g5 15.Be5 Nh7 16.Qd3 f5 17.Rfe1 Qc8 18.Qe3
Nf6 19.Nxg5 hxg5 20.Qxg5 Kf8 21.Qg6 Bf7 22.Qxf5 Qxf5 23.Bxf5
e6 24.Be4 Nxe4 25.Bxg7+ Kxg7 26.Rxe4 Rad8 27.Re5 Rd5 28.Rae1
b6 29.f4 c5 30.Rxd5 exd5 31.Rxe8 Bxe8 32.dxc5 bxc5 33.a3 Kf6
34.g4 Bd7 35.Kf2 a5 36.b4 axb4 37.axb4 cxb4 38.cxb4 d4 39.Ke2
Bb5+ 40.Kd2 Bf1 41.h4 Bb5 42.h5 Bd7 43.g5+ Kf5 44.h6 Kg6 45.Kd3
Bf5+ 46.Kxd4 Bd7 47.Kc5 Bf5 48.b5 Be4 49.b6 {1-0, Teru Kemi (NGR) 1946 - Rossinskaya Ljudmilla (RUS) 1885, Bled (Slovenia) 2002}
) Qb6 11.b3 Nf8 12.Ne5 c5 13.Rab1 cxd4 14.cxd4 Be6 15.Rbc1 Rac8
16.Qb1 Rxc1 17.Rxc1 Rc8 18.Rxc8 Bxc8 19.Qc2 Be6 20.Qc5 Qxc5 21.dxc5
N6d7 22.Nxd7 Bxd7 23.Nf3 Ne6 24.b4 Nxf4 25.exf4 Bc3 26.b5 f6
27.a4 g5 28.fxg5 hxg5 29.Kf1 e5 30.Nh2 Bb4 31.Ng4 Kf7 32.Ne3
d4 33.Bc4+ Be6 34.Bxe6+ Kxe6 35.Nc4 Bxc5 36.Ke2 e4 37.f3 Kd5
38.Nd2 d3+ 39.Kd1 f5 40.fxe4+ fxe4 41.Nb3 Bb4 42.g3 e3 43.Nc1
e2+ 44.Nxe2 dxe2+ 45.Kxe2 0-1